000 00387cam a2200157ua 4500
041 _aeng
_h
082 _a822
_bCHE/TH
100 _aChekov , Anton .
245 _aThree sisters and other plays /
_cAnton chekov.
_hTextual Documents
250 _a1 /
_b.
260 _aLondon :
_bChatto and Windus ,
_c1961.
300 _a298 ; .
504 _a
942 _cBK
999 _c12574
_d12574